| 000 | 00574nam a2200169Ia 4500 | ||
|---|---|---|---|
| 008 | 090711s9999 xx 000 0 und d | ||
| 082 | _b46147 | ||
| 100 | _aकुलकर्णी दिलीप / बापट ब. ग. | ||
| 245 | _aवैदिक गणित | ||
| 260 | _c1982 | ||
| 300 | _a68 | ||
| 600 | _aकुलकर्णी दिलीप / बापट ब. ग. | ||
| 630 | _aवैदिक गणित | ||
| 700 | _aकुलकर्णी दिलीप / बापट ब. ग. | ||
| 730 | _aवैदिक गणित | ||
| 942 | _cBOOK | ||
| 999 |
_c290264 _d290264 |
||